Biblioteca y Centro de Documentación

Impuesto sobre la renta (Registro nro. 9670)

Detalles MARC
000 -CABECERA
Longitud fija campo de control 01317nam a2200397 c 4500
001 - NÚMERO DE CONTROL
Número de control 9670
003 - IDENTIFICADOR DE NÚMERO DE CONTROL
Identificador del número de control ES-MaCES
005 - FECHA Y HORA DE LA ÚLTIMA TRANSACCIÓN
Fecha y hora de la última transacción 20230222133145.0
008 - CAMPO FIJO DE DESCRIPCIÓN FIJA--INFORMACIÓN GENERAL
Códigos de información de longitud fija   991108s1999 sp l o000 | spa d
017 ## - NÚMERO DE REGISTRO DE DERECHOS DE AUTOR Y DEPÓSITO LEGAL
Número de copyright o de depósito legal M. 8666-1999
Agencia que asigna el número DL
020 ## - ISBN (INTERNATIONAL STANDARD BOOK NUMBER)
Número Internacional Normalizado para Libros (ISBN) 8447012034
035 ## - NÚMERO DE CONTROL DEL SISTEMA
Número de control del sistema CES19990016849m
040 ## - FUENTE DE CATALOGACIÓN
Centro catalogador de origen ES-MaCES
Lengua de catalogación spa
Centro transcriptor ES-MaCES
110 1# - ENCABEZAMIENTO PRINCIPAL--NOMBRE CORPORATIVO
Nombre de entidad corporativa o nombre de jurisdicción como elemento inicial España
Título de la obra Ley del impuesto sobre la renta de las personas físicas y otras normas tributarias
Fecha del congreso o de la firma de un tratado 1998
9 (RLIN) 2962
245 10 - MENCIÓN DE TÍTULO
Título Impuesto sobre la renta
Resto del título : Leyes y Reglamentos
Mención de responsabilidad, etc. selección de textos Juan Calero
250 ## - MENCIÓN DE EDICIÓN
Mención de edición 1ª ed.
260 ## - PUBLICACIÓN, DISTRIBUCIÓN, ETC (PIE DE IMPRENTA)
Lugar de publicación, distribución, etc. Madrid
Nombre del editor, distribuidor, etc. Civitas
Fecha de publicación, distribución, etc. 1999
300 ## - DESCRIPCIÓN FÍSICA
Extensión 288 p.
Dimensiones 16 cm
490 1# - MENCIÓN DE SERIE
Mención de serie Biblioteca de legislación
Designación de volumen o secuencia 139. Serie menor
500 ## - NOTA GENERAL
Nota general Indices
541 ## - NOTA DE LA FUENTE INMEDIANTE DE ADQUISICIÓN
Forma de adquisición Compra
650 #4 - ASIENTO SECUNDARIO DE MATERIA--TÉRMINO DE MATERIA
Término de materia o nombre geográfico como elemento inicial impuesto sobre la renta de personas físicas
9 (RLIN) 28084
650 #4 - ASIENTO SECUNDARIO DE MATERIA--TÉRMINO DE MATERIA
Término de materia o nombre geográfico como elemento inicial España
9 (RLIN) 26964
650 #4 - ASIENTO SECUNDARIO DE MATERIA--TÉRMINO DE MATERIA
Término de materia o nombre geográfico como elemento inicial 1998
9 (RLIN) 31169
650 #4 - ASIENTO SECUNDARIO DE MATERIA--TÉRMINO DE MATERIA
Término de materia o nombre geográfico como elemento inicial legislación
9 (RLIN) 27153
650 #4 - ASIENTO SECUNDARIO DE MATERIA--TÉRMINO DE MATERIA
Término de materia o nombre geográfico como elemento inicial reglamento
9 (RLIN) 27154
650 #4 - ASIENTO SECUNDARIO DE MATERIA--TÉRMINO DE MATERIA
Término de materia o nombre geográfico como elemento inicial texto
9 (RLIN) 29624
653 10 - TÉRMINO DE INDEXACIÓN--NO CONTROLADO
Término no controlado Legislación
700 1# - ENCABEZAMIENTO SECUNDARIO--NOMBRE PERSONAL
Nombre de persona Calero Gallego, Juan
Término indicativo de función col.
9 (RLIN) 8708
775 0# - ENTRADA DE OTRA EDICIÓN
Título Impuesto sobre la renta
Número de control del registro relacionado (ES-MaCES)11314
830 #0 - ENCABEZAMIENTO SECUNDARIO DE COLECCIÓN--TÍTULO UNIFORME
Título uniforme Biblioteca de legislación
Designación de volumen o secuencia 139
9 (RLIN) 32132
830 #0 - ENCABEZAMIENTO SECUNDARIO DE COLECCIÓN--TÍTULO UNIFORME
Título uniforme Biblioteca de legislación
Nombre de parte o sección de la obra Serie menor
9 (RLIN) 32133
902 ## - CES. TIPO DE DOCUMENTO
Tipodoc (006$c Sirtex) LIB Libro
942 ## - ELEMENTOS KOHA
Fuente de clasificaión o esquema Clasificación propia del CES
Koha [por defecto] tipo de item Monografías
Parte de clasificación 6.1.
Existencias
Número de registro Signatura completa Tipo de item de Koha
032819 DPT-1189 Monografías
© CES, Consejo Económico y Social de España 2021